[Event "Linares Anibal op 05th"]
[Site "Linares"]
[Date "1998.01.28"]
[Round "9"]
[White "Tiviakov, Sergei"]
[Black "Miles, Anthony John"]
[Result "1-0"]
[WhiteElo "2640"]
[BlackElo "2595"]
[Annotator "Tiviakov,S"]
[PlyCount "83"]
[EventDate "1998.01.20"]
[EventType "swiss"]
[EventRounds "10"]
[EventCountry "ESP"]
[SourceTitle "CBM 062 Extra"]
[Source "ChessBase"]
[SourceDate "1998.03.09"]
[SourceVersion "1"]
[SourceVersionDate "1998.03.09"]
[SourceQuality "1"]

{[Being the whole point behind Anthony Miles, the sole leader of the
tournament, I had to win that game in order to try to fight for the high place.
]} 1. e4 e5 2. Nf3 Nf6 {[Tony has an extremely wide choice of openings, he can
play against 1.e4, thus making a preparation for the game against him hardly
possible. But his choice of the Russian Game made me happy, since I had seen
only a couple of Tony's games with it, while I had spent a lot of time,
analysing the lines, preparing for the match with E.Rozentalis from the World
Championship in Groningen, earlier in December.]} 3. d4 Nxe4 4. Bd3 d5 5. Nxe5
Nd7 6. Nxd7 Bxd7 7. O-O Be7 {[This move is the main weapon of Rozentalis
against the variation with 3.d4. But in December 1997 he opted for a sharp 7...
Qh4. Having lost the 1st game of the match he needed only a win to make the
score equal.]} 8. c4 Nf6 9. Nc3 Be6 10. c5 O-O 11. Bf4 c6 12. b4 {[I couldn't
have been more happy with the opening, since White had a long-lasting space
advantage and the rich possibilities of the play on the queen's side.]} Qd7 {
[My opponent sticks to the set-up, already seen in most of the games with this
variation, but} (12... Bg4 $5 {, transferring the bishop to g6 via h5,
deserves serious attention.}) 13. Qc2 $146 {[This move is new.} (13. Re1 {
, which has been played here before, is also worth to be taken into
consideration. After} Rfe8 14. Qc2 g6 15. b5 $1 $14 {White is immediately
threatening to get a positionally won position by means of the march of the
pawn a2 to a5.} (15. Ne2 Nh5 16. Be3 Bf6 17. Rab1 Ng7 18. f3 Bf5 $11 {is equal.
} 19. Bf2 Bxd3 20. Qxd3 Qf5 21. Qb3 a6 22. Ng3 Qf4 23. Qd3 h5 24. Rbd1 Rxe1+
25. Rxe1 Re8 26. Rxe8+ Nxe8 27. Ne2 Qc7 28. g3 Ng7 29. h3 Qe7 30. Kg2 Kf8 31.
a4 Qd7 32. g4 Kg8 33. Bg3 hxg4 34. hxg4 Ne6 35. Qe3 Qd8 36. Be5 Bxe5 37. Qxe5
Qg5 38. Qxg5 Nxg5 39. Nf4 Kg7 40. Kf2 Kf6 41. Ke3 Ke7 42. b5 axb5 43. axb5 Ne6
44. b6 Nxf4 45. Kxf4 Kf6 46. g5+ Ke6 47. Kg4 Ke7 48. Kg3 Kd7 49. Kh3 Ke7 50.
Kg4 Kd7 51. f4 Ke6 52. f5+ Ke7 53. Kf4 Kd7 54. Ke5 Ke7 55. f6+ Kd7 {1/2-1/2
Leko,Peter-Casafus,Ruben/Buenos Aires (Argentina) 1994}) (15. h3 Nh5 16. Be5
Bg5 17. b5 Nf4 18. Bf1 Bf5 19. Qd1 f6 20. Bd6 Rxe1 21. Qxe1 Re8 22. Qd1 h5 $132
{allowed Black to create some counter-play.} 23. a4 h4 24. Kh1 Re6 25. Kg1 Rxd6
26. cxd6 Qxd6 27. bxc6 bxc6 28. Qb3 Ne6 29. Rd1 Qc7 30. Bd3 Bxd3 31. Rxd3 Bh6
32. Rd1 Bf8 33. Ne2 Qd6 34. Rc1 c5 35. dxc5 Qe5 36. Qc2 Kh7 37. c6 Bd6 38. Kf1
d4 39. Qd3 f5 40. Qf3 Bc7 41. Rd1 Kh6 42. Ng1 Qc5 43. Qb3 Qxc6 44. Nf3 Bb6 45.
Nxh4 Nf4 46. Nf3 d3 47. Qg8 Qc3 48. Qf8+ Kh5 49. g4+ fxg4 50. Qxf4 {1-0
Kindermann,Stefan-Jussupow,Artur/Garmisch Partenkirchen (Germany) (7) 1994}))
13... g6 14. Rfe1 {[This move is not obligatory for White. About 10 days later
White in the game Polgar,Judit-Van der Sterren,P/Wijk aan Zee (Netherlands) 
(9th round) 1998 has a chosen a direct approach -} (14. b5 $5 {, which is,
probably, stronger than the text. Having played his 1st game with the
variation, Paul van der Sterren was not well acquainted with the ideas and the
dangers of the position, immediately committing a serious mistake, which led
him to a loss.} Bd8 $14 {was necessary, planning to block the advance of the
White pawn. E.g.} (14... Rfe8 $2 15. a4 Nh5 16. Be3 Bd8 (16... Ng7 $5 {,
preparing Bf5 or Nf5, deserved attention.}) 17. a5 a6 $8 18. bxa6 bxa6 19. Na4
$5 Bxa5 20. Nb6 Bxb6 21. cxb6 $16 {White has a large advantage because of the
passed pawn b6.} Bf5 22. Bxf5 Qxf5 23. Rfc1 Qxc2 24. Rxc2 a5 25. Rxc6 Reb8 26.
Bh6 Ng7 27. Rac1 Ne8 28. Bf4 Rb7 29. Rc8 Rxc8 30. Rxc8 Kf8 31. Bd6+ Kg7 32.
Rxe8 Rxb6 33. Bf8+ Kf6 34. g3 {1-0 Polgar,Judit-Van der Sterren,P/Wijk aan Zee
(Netherlands) (9) 1998}) 15. a4 $6 Ba5 {.}) 14... Nh5 (14... Rfe8 {- leads to
the same position as 13.Re1 Rfe8 14.Qc2 g6.}) 15. Be5 f6 (15... Ng7 $5 {
, planning to exchange the light-squared bishops by 16..Bf5 or 16...f6 and 17..
.Bf5, deserved serious attention.}) 16. Bg3 Nxg3 {[Here again} (16... Ng7 $5 {
and 17...Bf5 or 17...Nf5 was interesting.}) 17. hxg3 $14 {[Having eliminated
the White bishop g3, Black failed to solve his problems. He has a 'bad'
light-squared bishop, while White is ready to develop the initiative on the
queen's side.]} Bf7 (17... Rfe8 {is met by} 18. b5 $14 {with advantage. While})
(17... f5 $5 {is followed by} 18. b5 Bf6 19. Qa4 $14 {with initiative on the
queen's side and in the centre (the square e5 is weak).}) 18. b5 Rfe8 $2 {
[Black doesn't feel any danger in his position, making the error, quite
similar to the one, committed by van der Sterren, ignoring the threat of the
advance of the White pawn a2.} (18... Bd8 {was necessary. After} 19. Qa4 {
White can develop the initiative by means of Rab1, bc6, Ba6 etc.}) 19. a4 $16
Bd8 20. Rxe8+ Qxe8 (20... Bxe8 {is quite similar to the text. After} 21. a5 a6
{(the only move)} 22. bxa6 (22. b6 $16 {is also possible.}) 22... bxa6 23. Qd2
$16 {White has the upper hand, planning to transfer the knight or the rook to
b6.}) 21. a5 {[Threatening 22.a6.]} a6 $8 {[The only, since Black has to
prevent the creation of the passed pawn c5, inevitable if White plays a5-a6.]}
22. bxa6 {[It took a lot of time for me to take the decision whether to make
the text or to push the pawn to b6. After} (22. b6 $5 $16 {, followed by the
transfer of the knight to b4 via a2, White has large advantage as well,
because of the constant threat to sacrifice the piece on a6 in a suitable
moment.}) 22... bxa6 23. Qd2 $1 {[In comparison with the game J.Polgar - P.van
der Sterren, White here is not able to play} (23. Na4 $2 {because of the
weakness of the 1st rank. After} Bxa5 24. Nb6 Rb8 (24... Bxb6 25. cxb6 $16 {
is bad for Black.}) 25. Rxa5 $4 Qe1+ 26. Kh2 Qxa5 {White loses the rook.})
23... f5 24. Na4 Bf6 25. Re1 Qd8 26. Nb6 $2 {[A serious mistake, which costs
White a 'lion's share' of his advantage. The knight on b6 doesn't have any
perspective, besides one to go back to a4, leaving the square b6 for the rook.
Thus, 26.Nb6 is a loss of time, allowing Black to create the counter-play,
using the pawn d4 as a target. At that moment during the game, I thought, time
was not important at all, having underestimated Black's chances.} (26. Bf1 $16
{should have been played, followed by the transfer of the rook to b6 via b1.})
26... Ra7 27. Bf1 {[After} (27. Qf4 Kg7 $5 {it is not clear how White can make
further progress.} (27... Qc7 {is answered by} 28. Qe3 {.})) 27... Kg7 (27...
h5 $5 {, followed by Kh7, Qh8 or h4, deserves attention.}) 28. Rb1 h5 29. Qc3 (
29. Na4 $5 {(with the idea to play Rb6) can be answered by} Re7 $132 {with
counter-play, threatening to win the pawn d4 by means of Re4.}) 29... Qh8 (
29... Kh7 $5 {and 30...Qh8, if necessary, was also possible.}) 30. Rb4 Kh7 (
30... h4 $5 31. gxh4 Bxh4 $14 {was interesting.} (31... Qxh4 $2 32. Nc8 {
and 33.Nd6 is bad for Black.})) 31. Qd2 {[The idea of the text lies in the
desire to save a tempo, moving the queen from the square, where it can be
attacked, if Black wins the pawn d4.} (31. Na4 $5 {could have been played here
as well.}) 31... Qe8 $2 {[Last 6 moves of White were not very impressive at
all, so Black had forgotten about the threat White had.} (31... Qd8 $14 {
, preventing 32.Na4, was necessary.}) 32. Na4 $1 {[Now White is back on the
track. Black is not able to prevent the invasion of the rook to b6.]} Qd8 {
[The alternative to the text} (32... Re7 $5 {could have been met by} 33. Nc3 (
33. Bxa6 Ra7 34. Rb6 Qa8 {and}) (33. Rb6 Re4 {are both not satisfactory for
White.}) 33... Re1 (33... Qh8 {is answered by} 34. Ne2 {and 35.Rb6.}) 34. Rb6
$16 {, winning the pawn a6.}) 33. Rb6 $16 {[Black is not able to defend both
weaknesses in his position: pawns a6 and c6.]} Qh8 {[If} (33... Re7 $5 $16 {
, then} 34. Nc3 {follows.}) 34. Rxa6 Re7 {[White wins after both} (34... Rxa6
35. Bxa6 Bxd4 36. Bf1 $18 {and}) (34... Rc7 35. Qf4 $5 $18 {.}) 35. Rxc6 Bxd4 (
35... Be8 36. Rc8 $18 {loses.}) 36. Nb6 $6 $138 {[Being short of time, White
misses the best move in the position.} (36. a6 {was better. During the game I
didn't like it because of} Qe8 {. But after} (36... Be8 37. Rc8 Qe5 38. Nb6 {
is hopeless for Black.}) 37. Bb5 (37. Qxd4 Qxc6 38. Nb6 $44 {gives White the
compensation for the exchange. But}) (37. Qg5 $5 {is worth consideration.})
37... Re1+ 38. Kh2 $18 {White wins because of the threats to win the bishop d4
and to mate the Black king by 39.Rg6 and 40.Qh6#. And if} Qe4 {(with the
threats 39...Qb1 and 39...h4), then} 39. Bd3 {(the only move).}) 36... Bc3 37.
Qg5 Qe5 $2 $138 {[Black falls into a trap. But after} (37... Re1 {he could
have created serious technical problems for White to solve, exploiting the
unsecured position of the White king. After} 38. Nxd5 (38. a6 $2 {is bad
because of} Qe8 {with the threat: 39...Rf1+ 40.Kf1 Qe1, mate. But}) (38. Rc7 $5
{is interesting. After} Qe8 39. Nxd5 Rxf1+ 40. Kh2 $44 {White has a strong
attack.}) 38... Bxa5 (38... Qe8 {loses because of} 39. Nf6+ Bxf6 40. Qxf6 Bc4
41. Rc7+ Kh6 42. f4 $1 Rxf1+ 43. Kh2 $18 {, mating the Black king.}) 39. Ne3
$16 {White still needs to work hard to convert the advantage into a point.} (
39. Nf6+ {is worse:} Kg7 $14 {with the ideas to play 40...Bc4 or 40...Qh6.})) (
37... Qe8 {loses the queen after} 38. Rc8 $18 {.}) 38. Nxd5 $1 $18 {[Now the
game is over. Black loses by force.]} Rb7 (38... Bxd5 39. Qxg6+ Kh8 40. Rc8+) (
38... Qxd5 39. Qxe7) 39. Nxc3 Qxc3 40. Qf6 $5 Qxa5 41. Rc8 Bg8 42. Bc4 {
[And in the light of the following variation Black resigned: 42...Qe1+ 43.Kh2
Rb1 44.Rc7+ Kh6 45.Qg7+ Kg5 46.f4+ Kg4 47.Qxg6, mate.]} 1-0

[Event "Politiken zt"]
[Site "Munkebo"]
[Date "1998.09.11"]
[Round "1.2"]
[White "Wedberg, Tom Birger"]
[Black "Schandorff, Lars"]
[Result "1/2-1/2"]
[WhiteElo "2475"]
[BlackElo "2535"]
[Annotator "Wedberg,T"]
[PlyCount "35"]
[EventDate "1998.09.10"]
[EventType "k.o."]
[EventRounds "5"]
[EventCountry "DEN"]
[SourceTitle "CBM 067"]
[Source "ChessBase"]
[SourceDate "1998.11.30"]
[SourceVersion "2"]
[SourceVersionDate "1998.11.01"]
[SourceQuality "1"]

1. e4 e5 2. Nf3 Nf6 3. d4 Nxe4 4. Bd3 d5 5. Nxe5 Nd7 6. Nxd7 Bxd7 7. O-O Bd6 8.
c4 c6 9. Nc3 O-O 10. cxd5 Nxc3 11. bxc3 cxd5 12. Qh5 g6 $1 13. Qh6 $146 (13.
Qxd5 Qc7 14. Bh6 (14. h3 Be6 15. Qf3 Qxc3 16. Bh6 Rfd8 (16... Rfe8 17. Be4 Qxf3
18. Bxf3 Rab8 $11 {0-1 Bokros,A-Lurie,M/Mureck 1998/EXP 65 (44)}) 17. Bg5 Re8
18. Bf6 Bf5 19. Bxf5 {1/2-1/2 Blehm,P-Kuczynski,R/Koszalin 1998/EXP 65 (19)}) (
14. h4 Be6 15. Qf3 Qxc3 16. Bh6 Rfe8 17. Qf6 Bf8 18. Bxf8 Rxf8 19. Be4 Rad8 20.
Rfd1 Bd5 21. Rac1 Qa3 22. h5 Qd6 23. Qxd6 Rxd6 24. Bxd5 Rxd5 $11 {1/2-1/2
Sutovskij,E-Fridman,D/Medellin 1996/JUN 97 (27)}) (14. c4 Be6 15. Qf3 Bxc4 16.
Bh6 Rfe8 17. Rfc1 b5 18. Bxc4 bxc4 19. Qf6 Bf8 20. Bf4 Qb6 21. Qxb6 axb6 22.
Rxc4 Rxa2 23. Rcc1 Rxa1 {1/2-1/2 Groszpeter,A-Rabiega,R/Leiner 1996/EXT 97 (23)
}) 14... Rfe8 15. Rac1 (15. h4 Be6 16. Qf3 Qxc3 17. Qf6 Bf8 18. Bxf8 Rxf8 19.
Rfd1 Qa5 20. Be4 Qd8 21. Qxd8 Raxd8 22. d5 Bf5 23. Bxf5 gxf5 $11 {1/2-1/2
Tiviakov,S-Jussupow,A/Groningen 1994/CBM 45 (28)}) 15... Bxh2+ 16. Kh1 Be5 17.
f4 Bc6 18. Qc4 b5 19. Qb3 Qd7 20. f5 Bg3 21. Kg1 Bd5 22. Qd1 a6 $15 {0-1
Lepelletier,B-Marciano,D/FRA-ch 1996/EXP 54 (43)}) 13... Re8 $11 14. Bg5 Bf8
15. Qxf8+ Kxf8 16. Bxd8 Raxd8 17. Rfb1 Rb8 18. Kf1 1/2-1/2

[Event "Politiken zt"]
[Site "Munkebo"]
[Date "1998.09.17"]
[Round "3.2"]
[White "Wedberg, Tom Birger"]
[Black "Nielsen, Peter Heine"]
[Result "1/2-1/2"]
[WhiteElo "2475"]
[BlackElo "2515"]
[Annotator "Wedberg,T"]
[PlyCount "122"]
[EventDate "1998.09.10"]
[EventType "k.o."]
[EventRounds "5"]
[EventCountry "DEN"]
[SourceTitle "CBM 067"]
[Source "ChessBase"]
[SourceDate "1998.11.30"]
[SourceVersion "2"]
[SourceVersionDate "1998.11.01"]
[SourceQuality "1"]

1. e4 e5 2. Nf3 Nf6 3. d4 Nxe4 4. Bd3 d5 5. Nxe5 Nd7 6. Nc3 Nxc3 7. bxc3 Bd6 8.
Nxd7 Bxd7 9. O-O O-O 10. Qh5 f5 11. Qf3 $6 {Bad preparation.} (11. Re1 $142) (
11. Rb1 $142) 11... c6 12. Bf4 Qc7 13. Bxd6 {With a draw offer, but Black is
already slightly better.} Qxd6 {1/2-1/2/Adorjan,A-Jussupow,A/Indonesia/1983}
14. Rfe1 Rae8 15. Rxe8 Rxe8 16. a4 b6 17. g3 g6 18. Qf4 Qxf4 19. gxf4 Kf8 20.
Kg2 (20. f3 $142) 20... Ke7 21. h4 h5 22. c4 Kd6 23. f3 c5 24. dxc5+ Kxc5 25.
cxd5 a5 $1 26. Kf2 Kxd5 27. Rb1 Bxa4 $1 28. Rxb6 Bc6 29. Rb3 $1 a4 30. Ra3 Kc5
31. c3 Rb8 32. Ke3 Rb2 (32... Rb3 33. Rxb3 axb3 34. Kd2 Bxf3 35. Kc1 $11) 33.
Be2 Rb1 34. Bd3 Rb2 35. Be2 Kb6 36. Ra1 Ka5 37. Bc4 Rh2 38. Rg1 Bb5 39. Bxb5
$11 (39. Bf7 $5) 39... Kxb5 40. Rb1+ Ka5 41. Rb8 $1 Rxh4 42. Ra8+ Kb5 43. Rb8+
Kc4 44. Rb4+ Kxc3 45. Rxa4 Rh2 (45... g5 46. Ra3+ Kb4 47. Ra8 Rxf4 (47... gxf4+
48. Kd4 Rh3 49. Rb8+ Ka3 50. Ke5 Rxf3 51. Kxf5 $11) 48. Rg8 $11) 46. Ra6 Rg2
47. Rc6+ Kb2 48. Rb6+ $6 (48. Rc8 $11) 48... Kc1 49. Rb8 Kd1 (49... h4 50. Rh8
Rh2 51. Rc8+ Kd1 52. Rd8+ Ke1 53. Rd2 $1 Rh1 54. Rd6 h3 55. Rxg6 Kf1 56. Rh6
$11) 50. Rb1+ Kc2 51. Ra1 Kc3 52. Rc1+ Kb4 53. Rc8 Kb5 54. Rc1 Kb6 55. Rc8 Kb7
56. Rc1 Kb8 57. Kd3 Kb7 58. Ke3 Rb2 59. Rg1 Rb6 60. Kf2 Kc7 61. Kg3 Kd7 1/2-1/2

[Event "BCF-chT 0506 (4NCL)"]
[Site "Birmingham"]
[Date "2006.05.01"]
[Round "11"]
[White "Sutovsky, Emil"]
[Black "Nielsen, Peter Heine"]
[Result "1-0"]
[WhiteElo "2624"]
[BlackElo "2644"]
[Annotator "Wells,P"]
[PlyCount "87"]
[EventDate "2005.10.22"]
[EventType "team"]
[EventRounds "11"]
[EventCountry "ENG"]
[SourceTitle "CBM 112"]
[Source "ChessBase"]
[SourceDate "2006.06.07"]
[SourceVersion "1"]
[SourceVersionDate "2006.06.07"]
[SourceQuality "1"]
[WhiteTeam "Guildford"]
[BlackTeam "Wood Green"]
[WhiteTeamCountry "ENG"]
[BlackTeamCountry "ENG"]

1. e4 e5 2. Nf3 Nf6 3. d4 Nxe4 4. Bd3 d5 5. Nxe5 Nd7 6. Nxd7 Bxd7 7. O-O Bd6 8.
Qh5 Nf6 9. Re1+ Be7 10. Qf3 O-O 11. h3 Re8 12. Bf4 Bd6 13. Nd2 Bxf4 14. Qxf4
Nh5 15. Rxe8+ Bxe8 16. Qe5 Nf6 17. Re1 Bd7 18. Nf3 c6 19. Qd6 Be6 20. Rxe6 $5
fxe6 21. Qxe6+ Kf8 $6 (21... Kh8 {seems a tough nut to crack eg.} 22. Ne5 (22.
Ng5 Qe8) 22... Qe8 (22... Qc7 23. Nf7+ (23. g4 Re8 24. Qf5 Qc8 25. Qf3 $140 Rf8
26. g5 Ne4 27. Qh5 Qf5) 23... Kg8 24. Ng5+ (24. Nd6+ Kf8 25. Qe5 Rd8) (24. Nh6+
Kf8) 24... Kh8 25. Qf5 $6 Re8 26. g3 h6 27. Nh7 Qd7)) 22. Bxh7 $1 Qe7 (22...
Nxh7 23. Ne5 $18) 23. Qf5 Qe4 24. Ne5 Ke7 25. g4 Kd6 26. g5 Qxf5 27. Bxf5 Ne4 (
27... Nh5 $5 {might have been worth a look - holding up the advance of White's
f-pawn has its place in the priority list.}) 28. f4 Rf8 29. Bxe4 dxe4 30. Ng6
Rf5 $1 {White should be better, but the crucial variable is rook activity and
Black is not without hope of creating coounterplay with this move.} 31. Kf2 Rb5
32. b3 Ra5 33. a4 b5 34. Ne5 $1 Ra6 35. axb5 cxb5 36. Ke3 Ra2 37. c4 a5 $2 {
This looks very strange. Whatever the outcome of the alternative} (37... bxc4 {
this surely must be tried since some accuracy on White's part is then required.
} 38. bxc4 a5 39. f5 $1 (39. Kxe4 Re2+ 40. Kd3 Rh2 41. c5+ Kd5 42. Ng4 Rxh3+
43. Ne3+ Kc6 $132) 39... Ra1 40. f6 (40. Kxe4 $2 Re1+ 41. Kd3 a4 42. f6 gxf6
43. gxf6 a3) 40... gxf6 41. gxf6 a4 (41... Rf1 42. f7 a4 43. c5+ Kd5 44. c6 Kd6
45. d5 Kc7 46. Kxe4) 42. c5+ (42. f7 Ke7 43. d5 Re1+ 44. Kf2 a3 45. d6+ Kf8)
42... Kd5 43. f7 Rf1 44. c6 Kd6 45. Kxe4 a3 46. c7 $1 Kxc7 47. Nf3 a2 48. f8=Q
a1=Q {and even here I am not sure why White should be winning. Very, very far
from an attempt at definitive analysis, but revealing enoigh resources for the
defence to confirm that retention of counterplay is the only principled way to
play such positions with the rook.}) 38. cxb5 Rh2 39. Kxe4 Rxh3 40. Nc4+ Kc7
41. Nxa5 Kb6 42. Nc4+ Kxb5 43. Nd6+ Kc6 44. Nf5 1-0

[Event "Oberliga NRW 9900 I"]
[Site "Germany"]
[Date "2000.02.06"]
[Round "5.2"]
[White "Lane, Gary William"]
[Black "Dutreeuw, Marc"]
[Result "1-0"]
[WhiteElo "2452"]
[BlackElo "2402"]
[Annotator "Winants,L"]
[PlyCount "67"]
[EventDate "1999.10.26"]
[EventType "team"]
[EventRounds "9"]
[EventCountry "GER"]
[SourceTitle "EXT 2001"]
[Source "ChessBase"]
[SourceDate "2000.11.22"]
[SourceVersion "1"]
[SourceVersionDate "2000.11.22"]
[SourceQuality "1"]

1. e4 e5 2. Nf3 Nf6 3. d4 Nxe4 4. Bd3 d5 5. Nxe5 Nd7 6. Nxd7 Bxd7 7. O-O Nf6 ({
Dans cette variante de la défense Petroff, les Noirs préfèrent généralement
poursuivre via} 7... Bd6 {même si ce coup entraîne de grandes complications
théoriques et aussi un gambit après} 8. c4 c6 9. cxd5 cxd5 10. Qh5 {(le
dernier cri)} O-O 11. Qxd5 Bc6 {etc. La suite choisie avait offert quelques
jolis succès au champion anversois, lors de diverses compétitions
internationales, mais bien sûr, Gary Lane s'y était préparé.}) 8. c4 $1 {
Seul ce coup énergique permet aux Blancs de conserver l'avantage.} Be6 9. Re1
$1 ({Au lieu de} 9. c5 {joué dans la partie Atakisi-Dutreeuw, Batumi 1999.})
9... Be7 10. c5 $1 O-O 11. Bf4 {L'initiative des Blancs est а présent
manifeste : il suffirait de comparer le potentiel ou les diagonales que
commandent les deux Fous, pour s'en convaincre aisément.} g6 ({Le coup} 11...
b6 {serait simplement contré par} 12. Qc2) 12. Nc3 Nh5 {Pour conduire ce
Cavalier en g7 et libérer enfin les Fous de la colonne -e-.} 13. Be5 Qd7 {[#]}
14. b4 $1 {Préparant l'ouverture d'une brèche sur le flanc Dame. Les Blancs
jouent pieds au plancher pour exploiter leur avantage de mobilité.} Ng7 15. Qd2
f6 16. Bf4 Rf7 (16... Bf5 $2 {ne pouvait pas encore être joué, а cause de} 17.
Bxc7 $1) 17. b5 Bf5 18. Bf1 $1 {Les Noirs ont trop de pièces pour trop peu de
cases, donc les Blancs évitent toute simplification.} c6 19. a4 {Pour rompre
les fantassins ennemis via a5-a6.} g5 {Le Bf4 était beaucoup trop fort.} 20.
Bg3 Nh5 21. a5 Nxg3 22. hxg3 a6 23. bxa6 bxa6 24. Na4 {En route vers de
nouveaux pâturages (b6) ! Remarquez aussi la pression exercée par le Bf1 sur
le pauvre pion isolé en a6.} Ra7 25. Nb6 {My Kingdom for (such) a horse !} Qd8
26. Bd3 {La paralysie installée, il est enfin temps d'éliminer les pièces qui
font obstruction.} Bd7 ({Ou} 26... Bxd3 27. Qxd3 {(Menaçant 28.Qf5)} f5 28. Re5
f4 29. Rae1 {Et les Blancs dominent l'échiquier tout entier.}) 27. Qc2 f5 28.
Nxd7 $1 {Fort bien calculé : la pointe apparaîtra au 31e coup.} Qxd7 29. Re5 {
Menaçant Bf5-e6 : la réplique des Noirs est forcée.} Bf6 30. Bxf5 Qc7 {[#]} 31.
Bxh7+ $3 {Tout est là ! Le Roi noir est soudainement assiégé de toute part.}
Kf8 ({Ou pire :} 31... Rxh7 32. Qg6+ Rg7 33. Re8#) 32. Qg6 $1 Bxe5 33. Qg8+ Ke7
34. Re1 $1 {Et les Noirs abandonnèrent.} 1-0